The Koran / (Record no. 20768)

MARC details
000 -LEADER
fixed length control field 00696nam a2200253 i 4500
001 - CONTROL NUMBER
control field 4652829
003 - CONTROL NUMBER IDENTIFIER
control field BDDh-ASL
005 - DATE AND TIME OF LATEST TRANSACTION
control field 20231015025931.0
008 - FIXED-LENGTH DATA ELEMENTS--GENERAL INFORMATION
fixed length control field 791212s1956 enkaf 000 0 eng
010 ## - LIBRARY OF CONGRESS CONTROL NUMBER
LC control number 79320642
015 ## - NATIONAL BIBLIOGRAPHY NUMBER
National bibliography number GB78-37495
020 ## - INTERNATIONAL STANDARD BOOK NUMBER
International Standard Book Number 071391131X :
Terms of availability £8.95
040 ## - CATALOGING SOURCE
Original cataloging agency DLC
Transcribing agency DLC
Modifying agency DLC
041 1# - LANGUAGE CODE
Language code of text/sound track or separate title engara
050 00 - LIBRARY OF CONGRESS CALL NUMBER
Classification number BP109
Item number .K45 1978
082 00 - DEWEY DECIMAL CLASSIFICATION NUMBER
Classification number 297.12
Item number QOK
130 ## - MAIN ENTRY--UNIFORM TITLE
Uniform title Koran. English.
245 04 - TITLE STATEMENT
Title The Koran /
Statement of responsibility, etc. a translation by N. J. Dawood.
260 ## - PUBLICATION, DISTRIBUTION, ETC.
Place of publication, distribution, etc. London :
Name of publisher, distributor, etc. Allen Lane,
Date of publication, distribution, etc. 1956.
300 ## - PHYSICAL DESCRIPTION
Extent 426 p., 32 p. of plates :
Other physical details col. ill. ;
Dimensions 18 cm.
700 1# - ADDED ENTRY--PERSONAL NAME
Personal name Dawood, N. J.
906 ## - LOCAL DATA ELEMENT F, LDF (RLIN)
a 7
b cbc
c orignew
d 3
e ncip
f 19
g y-gencatlg
942 ## - ADDED ENTRY ELEMENTS (KOHA)
Source of classification or shelving scheme Dewey Decimal Classification
Koha item type Books
Holdings
Withdrawn status Lost status Source of classification or shelving scheme Damaged status Not for loan Collection code Home library Current library Shelving location Date acquired Source of acquisition Total Checkouts Full call number Barcode Date last seen Copy number Price effective from Koha item type Public note
    Dewey Decimal Classification   Not For Loan Non-fiction Asiatic Society Library Asiatic Society Library General Stacks 01/13/2021 ASB Collection   297.12 QOK 104250 01/13/2021 C-1 01/13/2021 Books RARE

Powered by Koha